000 00292nam a22001337a 4500
008 180922b xxu||||| |||| 00| 0 eng d
020 _a9781578066896
041 _aeng
080 _a616.8-006
100 _a6
101 _aKAN
245 _aCancer Therapies
_cChan, H.S.L
942 _2udc
_cBK
999 _c48273
_d48273